Name every VR and HSL train station in 6 minutes - Statistics

General Stats
  • This quiz has been taken 9 times
  • The average score is 62 of 95
Answer Stats
Lines Station % Correct
R, T Ainola
100%
A, D, E, H, I, K, L, P, R, T, U, X, Y, Z Helsinki
100%
D, R, T Hyvinkää
100%
D, R, T Järvenpää
100%
A, D, E, H, I, K, L, P, R, T, U, X, Y, Z Pasila
100%
D, G, R, T Riihimäki
100%
I, P Aviapolis
83%
Z Henna
83%
I, K, P, T Hiekkaharju
83%
A, E, I, L, P, U, X, Y Huopalahti
83%
A, I, L, P Ilmala
83%
I, P Kannelmäki
83%
I, K, P, T Käpylä
83%
L, E, U, X Kera
83%
D, K, R, T, Z Kerava
83%
I, P Kivistö
83%
K, T Koivukylä
83%
G, O, Z Lahti
83%
A, E, H, L, U, X, Y Leppävaara
83%
I, P Louhela
83%
I, K, P, T Malmi
83%
I, P Malminkartano
83%
I, P Martinlaakso
83%
I, P Myyrmäki
83%
I, K, P, T Oulunkylä
83%
I, P Pohjois-Haaga
83%
I, K, P, T Puistola
83%
I, K, P, T Pukinmäki
83%
K, T Rekola
83%
R, T Saunakallio
83%
K, T Savio
83%
M, R Tampere
83%
I, K, P, T Tapanila
83%
D, I, K, P, R, T, Z Tikkurila
83%
I, P Vantaankoski
83%
I, P Vehkala
83%
H, L, E, U, X, Y Espoo
67%
Z Haarajoki
67%
D, R Hämeenlinna
67%
R Iittala
67%
R, T Jokela
67%
L, U, X Jorvas
67%
L, E, U, X, Y Kauklahti
67%
L, E, U, X Kauniainen
67%
L, E, U, X Kilo
67%
L, E, U, X Koivuhovi
67%
K, T Korso
67%
O Kotka
67%
O, Z Kouvola
67%
I, P Leinelä
67%
M, R Lempäälä
67%
I, P Lentoasema
67%
A, L Mäkkylä
67%
Z Mäntsälä
67%
L, U, X, Y Masala
67%
A, L Pitäjänmäki
67%
D, R Ryttylä
67%
H, X, Y Siuntio
67%
M, R Toijala
67%
L, E, U, X Tuomarila
67%
A, L Valimo
67%
H Dragsvik
50%
H Hanko
50%
H Hanko-Pohjoinen
50%
G Herrala
50%
H Inkoo
50%
H Karjaa
50%
H, L, U, X, Y Kirkkonummi
50%
O, Z Nastola
50%
M, R Nokia
50%
O Paimenportti
50%
R Parola
50%
H Santala
50%
H Skogby
50%
H Tammisaari
50%
L, U, X Tolsa
50%
D, R Turenki
50%
M, R Viiala
50%
O, Z Villähde
50%
G Hikiä
33%
O Inkeroinen
33%
O, Z Kausala
33%
O Kotkan satama
33%
O Kymi
33%
O Kyminlinna
33%
H Lappohja
33%
G Mommila
33%
O Myllykoski
33%
G Oitti
33%
O Tavastila
33%
M, R Tesoma
33%
O, Z Uusikylä
33%
G Järvelä
17%
O, Z Koria
17%
G Lappila
17%
No matching quizzes found
Score Distribution
Percent of People with Each Score
Percentile by Number Answered
Your Score History
You have not taken this quiz